| 000 | 00600nam a2200169Ia 4500 | ||
|---|---|---|---|
| 003 | GCL | ||
| 008 | 140319s9999 xx 000 0 ara d | ||
| 040 |
_aGCL / _cGCL |
||
| 082 | 0 | 4 |
_a499.103 _bم ق |
| 100 | 1 | _aمحمد ادريس عبدالرءوف المربوى | |
| 245 | 1 | 0 |
_aقاموس ادريس المربوى : عربى ملايوى . الجزء الأول / _cمحمد ادريس عبدالرءوف المربوى |
| 300 | _a401 | ||
| 490 |
_a100 قصة _v0 |
||
| 650 | 0 | 4 | _aاللغة العربية - المعاجم |
| 650 | 0 | 4 | _aاللغة الملايو - معاجم |
| 942 |
_2ddc _cBK |
||
| 999 |
_c43564 _d43564 |
||